| 000 | 00479nam a22001812 4500 | ||
|---|---|---|---|
| 001 | 0000004104 | ||
| 005 | 20170406115549.0 | ||
| 008 | 140814s xx 000 0 eng d | ||
| 020 | _c$ | ||
| 040 |
_aYour Holding Symbol _cYour Holding Symbol |
||
| 100 | 1 | _aWolfe,Tom. | |
| 245 | 1 | 4 | _aThe bonfire of the vanities. |
| 250 | _a ed. | ||
| 260 |
_aNew york : _bJann wenner, _c1987. |
||
| 300 |
_a659 p. ; _c cm. |
||
| 650 | 0 | _aliterature. | |
| 908 | _a140814 | ||
| 999 |
_c3945 _d3945 |
||